Energetické a ekonomické posúdenie rodinného domu s OZE

Saved in:
Bibliographic Details
Main Author: Mikolajčíková, Katarína, 1990- (Author)
Other Authors: Petráš, Dušan, 1956- (Thesis advisor)
Format: Manuscript Book
Language:Slovak
Published: Bratislava : STU v Bratislave SvF, 2014
Subjects:
Online Access:VAIS
Tags: Add Tag
No Tags, Be the first to tag this record!

MARC

LEADER 00000ntm a22000003a 4500
001 stu297906
005 20150617230307.4
008 140919s2014----xo------------------slo-d
040 |a STU  |b slo 
041 0 |a slo 
044 |a xo 
100 1 |a Mikolajčíková, Katarína,  |d 1990-  |4 aut  |u V  |T SvF Stavebná fakulta  |X 67723  |U V  |Y 10  |7 A000067723 
242 0 0 |a Energy and economic appraisal of a house with RES  |y eng 
245 1 |a Energetické a ekonomické posúdenie rodinného domu s OZE 
260 |a Bratislava :  |b STU v Bratislave SvF,  |c 2014 
650 7 |a technika prostredia budov  |2 stusub 
650 7 |a Environmental Technology of Buildings  |2 estusub 
650 7 |a renewable energy sources  |2 estusub 
650 7 |a heat pump  |2 estusub 
650 7 |a biomass  |2 estusub 
650 7 |a obnoviteľné zdroje energie  |2 stusub 
650 7 |a solárny kolektor  |2 stusub 
650 7 |a tepelné čerpadlo  |2 stusub 
650 7 |a biomasa  |2 stusub 
700 1 |a Petráš, Dušan,  |d 1956-  |4 ths  |u V290  |U SvF Stavebná fakulta  |T SvF Katedra technických zariadení budov  |X 749  |U V290  |Y 31  |7 A000000749 
856 4 |a info a plný text  |u http://is.stuba.sk/zp/portal_zp.pl?podrobnosti=101056  |3 VAIS